| 000 | 00327nam a2200121Ia 4500 | ||
|---|---|---|---|
| 008 | 190216s9999||||xx |||||||||||||| ||und|| | ||
| 100 | _aCheruliyil Kunhunni Nambissan | ||
| 245 | 0 | _aBhasante Moonnu Natakangal | |
| 260 |
_bUnited Kingdom Reading Association _c1994 |
||
| 300 | _a86p | ||
| 650 | _aMalayalam Nadakam | ||
| 942 | _cBK | ||
| 999 |
_c27126 _d27126 |
||